header

Tathmini Ya Usawiri wa Wahusika Katika Filamu Za Kiswahili: (Record no. 266291)

MARC details
000 -LEADER
fixed length control field 00492nam a22001577a 4500
003 - CONTROL NUMBER IDENTIFIER
control field OSt
005 - DATE AND TIME OF LATEST TRANSACTION
control field 20260525121802.0
008 - FIXED-LENGTH DATA ELEMENTS--GENERAL INFORMATION
fixed length control field 260525b |||||||| |||| 00| 0 eng d
024 ## - OTHER STANDARD IDENTIFIER
Standard number or code MKIS/6005/2021
040 ## - CATALOGING SOURCE
Transcribing agency Rongo University
050 ## - LIBRARY OF CONGRESS CALL NUMBER
Classification number PL 8704
Item number .M63 2025
100 ## - MAIN ENTRY--PERSONAL NAME
Personal name Bunde Jemimah Mody.
245 ## - TITLE STATEMENT
Title Tathmini Ya Usawiri wa Wahusika Katika Filamu Za Kiswahili:
Remainder of title mfano wa Taharuki Kiswani na Aziza.
260 ## - PUBLICATION, DISTRIBUTION, ETC. (IMPRINT)
Place of publication, distribution, etc Rongo University Kenya
Name of publisher, distributor, etc Rongo University
Date of publication, distribution, etc 2025
942 ## - ADDED ENTRY ELEMENTS (KOHA)
Source of classification or shelving scheme Library of Congress Classification
Koha item type Reference
Holdings
Withdrawn status Lost status Source of classification or shelving scheme Damaged status Not for loan Home library Current library Shelving location Date acquired Total Checkouts Full call number Barcode Date last seen Price effective from Koha item type
    Library of Congress Classification     Rongo University Library Rongo University Library Reference 25/05/2026   PL 8704 .M63 2025 RU/SASB/2025/150 25/05/2026 25/05/2026 Reference

© 2026 Rongo University
Contact us: librarian | system librarian | Rongo university